000 00217nam a2200097Ia 4500
001 682317
005 20250826161417.0
008 250824s9999 xx 000 0 und d
245 0 _aUMUT
_cAYŞE KULİN
260 _bEVEREST
999 _c682317
_d682317